00712nam a2200241 a 45000010010000000030011000100080041000210200018000620350026000800920015001061000020001212450064001412600035002053000017002405000017002576500019002748560031002939420012003249520091003369900006004279980020004339990017004530001-1061ELIB.Books141210 2010 eng  a9780801072185 a(ELIB.Books)0001-1216 a254.8bSea aSearcy, Nelson. aMaximize:bHow to Develop Extravagant Givers In Your Church aGrand RapidsbBaker Bookc2010 a227c21.5 Cm aC/o Moe Lwai aAdministration nKBTS; LibraryuKBTS; Elib. 2ddccBK 00102ddc4070aKBTSbKBTSd2014-12-10l0p15285r2022-01-22 00:00:00w2022-01-22yBK a1 cbate2014-12-10 c11061d11061